00370nam a22001337a 450000500170000000800410001704100130005808200120007110000120008324500400009526000460013530000290018165000260021020240705090002.0240701b |||||||| |||| 00| 0 eng d aEnglish  a349 ANN lEnglish aAnnual Survey of South African Law  aCape Town: bJuta and Company Ltd, c1962 bxl, 537 pages; c25 cm.  aLegal practice bLaw